00817nam a2200229 a 450000100100000000500170001000800410002702000150006804000130008304100150009624501130011125000120022426000320023630000210026849000420028950000200033170000440035170000300039583000400042595201050046599900170057000004410120201002045140.0140516s1982 sp 001 0 spa d a8425406528 aDO-SdBNP17aspahalem.00aDiccionario Alemán :balemán-español /cGünther Haensch ; con la colaboración de Bernhard Lechner. a2a. ed. aBarcelona :bHerder,c1982. a684 p. ;c21 cm.1 aDiccionarios modernos HerderaHaensch aIncluye indices12aDominguez, José Maríaecool.97209012aGünther, Haensch972091 0aDiccionarios modernos Herder972092 001050718MOaGRbGRcCTd2014-05-16iLF1l0o p44101-10r2020-06-25w2020-06-25y1ZNo se presta c43590d43590